| 000 | 00908cam a22002054a 4500 | ||
|---|---|---|---|
| 005 | 20250605164227.0 | ||
| 008 | 250528s ||||||||||||||||||||||||d | ||
| 035 | _a20899 | ||
| 020 | _a9789604681310 | ||
| 040 |
_aGR-AtMCL _bgre _dGR-AtMCL _eAACR2 |
||
| 245 | 1 | _aΤο Αστέρι κι ο Κωστής / Οι Πρώτες μου Ιστορίες | |
| 260 | _c2015 | ||
| 300 | _a78 | ||
| 520 | _aΤο αστέρι, όπου ζει στον ουρανό με την οικογένεια του στην αστεροκοινωνία του ουρανού, στην προσπάθεια του να χοροπηδήσει πέφτει κατά λάθος στη Γη. Μέσα από τις περιπέτειες του γνωρίζει τον Κωστή. | ||
| 700 | 1 |
_aΜιχάλη Σιδέρη _96268 |
|
| 700 | 1 |
_aΡαμαντάνη Πένυ _96888 |
|
| 942 | _cBK | ||
| 999 |
_c5978 _d5978 |
||